An arctic voyage to Baffin's bay and Lancaster sound, in search of friends with Sir John Franklin / (Record no. 793129)
[ view plain ]
| 000 -LEADER | |
|---|---|
| fixed length control field | 00850nam a2200265 a 4500 |
| 001 - CONTROL NUMBER | |
| control field | vtls000968940 |
| 003 - CONTROL NUMBER IDENTIFIER | |
| control field | NLI |
| 005 - DATE AND TIME OF LATEST TRANSACTION | |
| control field | 20210627095143.0 |
| 008 - FIXED-LENGTH DATA ELEMENTS--GENERAL INFORMATION | |
| fixed length control field | 120112s1850 enk 000 0 eng |
| 039 #9 - LEVEL OF BIBLIOGRAPHIC CONTROL AND CODING DETAIL [OBSOLETE] | |
| -- | 201201121806 |
| -- | Entertech_02 |
| 040 0# - CATALOGING SOURCE | |
| Original cataloging agency | NLI |
| Language of cataloging | eng |
| Transcribing agency | Entertech-FY 2010 |
| Description conventions | AACR2 |
| 041 0# - LANGUAGE CODE | |
| Language code of text/sound track or separate title | eng |
| 044 ## - COUNTRY OF PUBLISHING/PRODUCING ENTITY CODE | |
| MARC country code | enk |
| 084 ## - OTHER CLASSIFICATION NUMBER | |
| Classification number | 98.C.53 |
| 100 1# - MAIN ENTRY--PERSONAL NAME | |
| Personal name | Goodsir, Robert Anstruther |
| 9 (RLIN) | 909552 |
| 245 13 - TITLE STATEMENT | |
| Title | An arctic voyage to Baffin's bay and Lancaster sound, in search of friends with Sir John Franklin / |
| Statement of responsibility, etc. | by Robert Anstruther Goodsir |
| 260 ## - PUBLICATION, DISTRIBUTION, ETC. | |
| Place of publication, distribution, etc. | London : |
| Name of publisher, distributor, etc. | John Van Voorst, |
| Date of publication, distribution, etc. | 1850 |
| 300 ## - PHYSICAL DESCRIPTION | |
| Extent | viii, 152 p. ; |
| Dimensions | 18 cm. |
| 600 00 - SUBJECT ADDED ENTRY--PERSONAL NAME | |
| Personal name | Franklin, John, |
| Titles and other words associated with a name | Sir, |
| Dates associated with a name | 1786-1847 |
| 9 (RLIN) | 775155 |
| 650 #0 - SUBJECT ADDED ENTRY--TOPICAL TERM | |
| Topical term or geographic name entry element | Arctic regions |
| 9 (RLIN) | 908102 |
| 887 ## - NON-MARC INFORMATION FIELD | |
| Content of non-MARC field | |
| 901 ## - LOCAL DATA ELEMENT A, LDA (RLIN) | |
| a | IMP54818 : |
| b | 18.08.2010 |
| 902 ## - LOCAL DATA ELEMENT B, LDB (RLIN) | |
| a | 98.C.53 |
| 942 ## - ADDED ENTRY ELEMENTS (KOHA) | |
| Source of classification or shelving scheme | Dewey Decimal Classification |
| Koha item type | Books |
| Withdrawn status | Lost status | Damaged status | Not for loan | Home library | Current library | Date acquired | Total Checkouts | Full call number | Date last seen | Price effective from | Koha item type |
|---|---|---|---|---|---|---|---|---|---|---|---|
| National Library of India | National Library of India | 98.C.53 | 27/06/2021 | 27/06/2021 | Books |
